| 000 | 01019cam a2200325 4500 | ||
|---|---|---|---|
| 008 | 000000n2000 000 0 eng u | ||
| 020 |
_a0854069798 (correct) _b085406978X(wrongly printed on back cover) |
||
| 035 | _a(Sirsi) u100090 | ||
| 041 | _aENG | ||
| 050 |
_a690.2 _c18 |
||
| 100 | _aHollis, Malcolm | ||
| 245 | _aSurveying buildings | ||
| 250 | _a4th | ||
| 260 |
_aLondon _bRICS _c2000 |
||
| 300 |
_avii, 525p. _bill. _c30cm. |
||
| 350 | _a50 | ||
| 520 | _aSuperseded by fourth revised edition (ISBN 0854069798). Supersedes third edition (ISBN 0854064648). | ||
| 650 | _aBUILDING SURVEYS | ||
| 650 | _aSTRUCTURAL SURVEYS | ||
| 650 | _aBUILDING INSPECTIONS | ||
| 650 | _aSURVEYING EQUIPMENT | ||
| 650 | _aBUILDING DEFECTS | ||
| 650 | _aSURVEYORS' NEGLIGENCE | ||
| 650 |
_aSurvey reports _96270 |
||
| 650 | _aSURVEYORS' LIABILITIES | ||
| 690 | _aBUILT ENVIRONMENT-BUILDING INSPECTION | ||
| 700 | _aGibson, Charles | ||
| 710 |
_aRoyal Institution of Chartered Surveyors _94900 |
||
| 942 | _n0 | ||
| 999 |
_c99585 _d99585 |
||